000 00696cam a2200241 i 4500
001 4189022
003 OSt
005 20180116183026.0
008 800502s1980 nyub 000 1 eng
010 _a 80007943
020 _a0151353387
040 _aDLC
_cDLC
_dDLC
050 0 0 _aPR9199.3.S7876
_bG48 1980
082 0 0 _a813.54 STE 1980
100 1 _aStevenson, William,
_d1924-2013.
245 1 4 _aThe Ghosts of Africa
_ba novel /
_cby William Stevenson.
250 _a1st ed.
260 _aNew York :
_bHarcourt Brace Jovanovich,
_cc1980.
300 _a400 p. :
_bPB
_c24 cm.
440 _aThe Ghosts of Africa
906 _a7
_bcbc
_corignew
_du
_eocip
_f19
_gy-gencatlg
942 _2ddc
_cBK
999 _c350820
_d350820